000 00867nam a2200265 4500
001 136762
003 ES-MaACL
005 20260117063019.0
007 t|
008 070214e1954 sp r ||||1| cat d
080 _a821.134.1-94"19"
080 _a929 Sagarra, Josep M. de
100 1 _aSagarra, Josep M. de,
_d1894-1961
_eaut
_9101415
245 1 0 _aMemòries /
_cJosep Maria de Sagarra.
250 _a1.ª ed.
260 _aBarcelona :
_bAedos,
_c1954.
300 _a827 páginas, 50 láminas :
_bretrato del autor ;
_c22 cm.
490 1 _aBiblioteca biográfica catalana
_v7
_9181786
600 1 4 _9101415
_aSagarra, Josep M. de,
_d1894-1961
830 0 _aBiblioteca biográfica catalana
_v7
_9181786
852 _aES-MaACL
_cSPAL
_jC-9117
_bR.37132
942 _2udc
_cMONOGRAFIA
_n0
999 _c136762
_d136762